The world of Anna Sui /

Anna Sui is one of New York's most beloved and accomplished fashion designers, known for creating contemporary original clothing inspired by spectacular amounts of research into vintage styles and cultural arcana. She is especially famous for her textile prints. Sui joined New York's inten...

Full description

Saved in:
Bibliographic Details
Main Author: Blanks, Tim, (Author)
Other Authors: Campbell, Naomi, (author of foreword.)
Format: Book
Language:English
Published: New York : Abrams, 2017.
Subjects:
Tags: Add Tag
No Tags, Be the first to tag this record!
LEADER 02913cam a2200517Ii 4500
001 015073765-3
005 20170808225037.0
008 160819t20172017nyua g 000 0deng d
020 |a 9781419724183  |q (Hardback) 
020 |a 1419724185  |q (Hardback) 
035 |a (YBPMetadataService)99972810170 
035 0 |a ocn956623679 
040 |a YDX  |b eng  |e rda  |c YDX  |d OCLCQ  |d ERASA  |d NTAUP  |d UOK  |d OCLCF  |d CDX  |d UAB 
043 |a n-us--- 
050 4 |a TT505.S943  |b B53 2017 
082 0 4 |a 391 
082 0 4 |a 746.9/2092  |2 23 
100 1 |a Blanks, Tim,  |e author. 
245 1 4 |a The world of Anna Sui /  |c by Tim Blanks ; foreword by Naomi Campbell. 
264 1 |a New York :  |b Abrams,  |c 2017. 
264 4 |c ©2017 
300 |a 287 pages :  |b chiefly color illustrations ;  |c 29 cm 
336 |a text  |b txt  |2 rdacontent 
337 |a unmediated  |b n  |2 rdamedia 
338 |a volume  |b nc  |2 rdacarrier 
520 8 |a Anna Sui is one of New York's most beloved and accomplished fashion designers, known for creating contemporary original clothing inspired by spectacular amounts of research into vintage styles and cultural arcana. She is especially famous for her textile prints. Sui joined New York's intensely creative cultural underground in the 1970s, forging important relationships in the worlds of fashion, photography, art, music, and design. "The World of Anna Sui" looks at Sui's eclectic career as a designer and artist, both through her clothing and studio. Through interviews with fashion journalist Tim Blanks, the book explores Sui's lifelong engagement with fashion archetypes--the rocker, the schoolgirl, the punk, the goth, the bohemian--and reveals their inspiration and influence. Complete with detailed photographs of garments, sketches, moodboards, runway shots, and cultural ephemera, "The World of Anna Sui" is an inside look at this iconic New York designer with a worldwide cult following. 
600 1 0 |a Sui, Anna. 
600 1 7 |a Sui, Anna.  |2 fast  |0 (OCoLC)fst01793668 
650 0 |a Women fashion designers  |z United States  |v Pictorial works. 
650 0 |a Fashion  |x History  |y 20th century  |v Pictorial works. 
650 0 |a Fashion design  |x History  |y 20th century  |v Pictorial works. 
650 0 |a Costume  |x History  |y 20th century  |v Pictorial works. 
650 0 |a Clothing and dress  |x History  |y 20th century  |v Pictorial works. 
650 7 |a Clothing and dress.  |2 fast  |0 (OCoLC)fst00864680 
650 7 |a Costume.  |2 fast  |0 (OCoLC)fst00880759 
650 7 |a Fashion.  |2 fast  |0 (OCoLC)fst00921600 
650 7 |a Fashion design.  |2 fast  |0 (OCoLC)fst01200123 
650 7 |a Women fashion designers.  |2 fast  |0 (OCoLC)fst01177672 
651 7 |a United States.  |2 fast  |0 (OCoLC)fst01204155 
648 7 |a 1900-1999  |2 fast 
655 7 |a History.  |2 fast  |0 (OCoLC)fst01411628 
655 7 |a Pictorial works.  |2 fast  |0 (OCoLC)fst01423874 
700 1 |a Campbell, Naomi,  |e author of foreword. 
899 |a 285_473304 
988 |a 20170726 
906 |0 OCLC